| 000 | 00979nam a2200313 4500 | ||
|---|---|---|---|
| 001 | 16149 | ||
| 003 | BD-RJUL | ||
| 005 | 20211208235949.0 | ||
| 008 | 140211s19701967enkabek 001 0 eng | ||
| 035 | _aMITb10156510 | ||
| 035 | _a(BD-RJUL)16204 | ||
| 035 | _aGLIS00156510 | ||
| 040 |
_aDLC _cDLC _dMYG _beng |
||
| 041 | _aeng | ||
| 082 |
_a658.076 _bPRO 1970 |
||
| 090 |
_aHD31 _b.P962 |
||
| 099 | _aHD31.P962 | ||
| 245 | 0 | 0 |
_aProblems in management : _bASCI case collection, second series/ _cBy Abad Ahmed [and others] |
| 260 |
_aLondon : _bAsia Pub. House, _cc1967.[Reprinting 1970] |
||
| 300 |
_axii, 244 p. : _billus., form, map, plans. ; _c22 cm. |
||
| 504 | _aincludes index | ||
| 650 | 0 |
_aIndustrial management _vCase studies. _946274 |
|
| 650 | 0 |
_aIndustrial management _zIndia. _945944 |
|
| 700 | 0 |
_aAbad Ahmed. _949988 |
|
| 710 | 2 |
_aAdministrative Staff College of India. _949989 |
|
| 740 | 0 | _aASCI case collection. | |
| 942 |
_2ddc _cBK |
||
| 999 |
_c16149 _d16149 |
||